01003nam a2200241 i 450000100060000000300090000600500170001500700030003200800410003502000180007608000280009408000290012210000300015124501570018126000430033830000220038149000680040370000430047183000760051485200320059099900170062295201220063941008ES-MaACL20230906160346.0t|030307s1979 sp ||||1| spa d a84-7465-017-8 a821.134.2(729.1)-43"19" a821.134.2(729.1)-992"19"1 aCarpentier, Alejo.93544210aBajo el signo de La Cibeles b: crónicas sobre España y los españoles, 1925-1937 / cAlejo Carpentier ; compilador, Julio Rodríguez Puértolas. a[Madrid] : bNuestra Cultura, c[1979] a176 p. ; c18 cm.1 aColección Pueblos Ibéricos : Serie Textos recuperados ; v11 aRodríguez Puértolas, Julio.9987460 aColección Pueblos Ibéricos : Serie Textos recuperados ; v19229770 aES-MaACLjA-10281 bR.99417 c41008d41008 00104070aATENEOMbATENEOMcDEPO1d2008-01-17eSCl0oA-10281p1043176r2023-02-23 00:00:00w2023-02-23yMONOGRAFIA